Artisans and craftsmen of northern India / (Record no. 66406)

MARC details
000 -LEADER
fixed length control field 01073nam a22002897a 4500
005 - DATE AND TIME OF LATEST TRANSACTION
control field 20130404142208.0
010 ## - LCCN (DPL NO)
LC control number ENG-105240
020 ## - INTERNATIONAL STANDARD BOOK NUMBER
International Standard Book Number 9788124605233
Terms of availability 1100.00
020 ## - INTERNATIONAL STANDARD BOOK NUMBER
International Standard Book Number 8124605238
Terms of availability 1100.00
035 ## - SYSTEM CONTROL NUMBER
System control number EN-88773
035 ## - SYSTEM CONTROL NUMBER
System control number B-489845
037 ## - SOURCE OF ACQUISITION
Source of stock number/acquisition DBAD/PUB
037 ## - SOURCE OF ACQUISITION
Source of stock number/acquisition BSB/Ven
082 ## - DEWEY DECIMAL CLASSIFICATION NUMBER
Classification number 338.4774550954
100 ## - MAIN ENTRY--PERSONAL NAME
Personal name Thind, Kuldeep Singh
245 ## - TITLE STATEMENT
Title Artisans and craftsmen of northern India /
Statement of responsibility, etc by Kuldeep Singh Thind
260 ## - PUBLICATION, DISTRIBUTION, ETC. (IMPRINT)
Place of publication, distribution, etc New Delhi
Name of publisher, distributor, etc D.K. Printworld
Date of publication, distribution, etc 2009
270 ## - ADDRESS
Address 'Srikunj', F-52, Bali Nagar, Ramesh Nagar Metro Station
City New Delhi
Postal code 15
300 ## - PHYSICAL DESCRIPTION
Extent xxiv,262p. :
Dimensions 24cm(Hb)
Other physical details b&w photos
490 ## - SERIES STATEMENT
Series statement Reconstructing Indian history & culture, no. 33
500 ## - GENERAL NOTE
General note Includes bibliographical references and index
650 ## - SUBJECT ADDED ENTRY--TOPICAL TERM
Topical term or geographic name as entry element Handicraft industries
Geographic subdivision India
General subdivision History
650 ## - SUBJECT ADDED ENTRY--TOPICAL TERM
Topical term or geographic name as entry element Artisans
Geographic subdivision India
General subdivision Economic conditions
650 ## - SUBJECT ADDED ENTRY--TOPICAL TERM
Topical term or geographic name as entry element Artisans
Geographic subdivision India
General subdivision Social conditions
942 ## - ADDED ENTRY ELEMENTS (KOHA)
Source of classification or shelving scheme Dewey Decimal Classification
Item type English Books
Classification part 338.4774550954
Call number suffix THI
Holdings
Withdrawn status Lost status Not for loan Collection code Home library Current library Date acquired Source of acquisition Cost, normal purchase price Full call number Barcode Copy number Cost, replacement price Koha item type
    Not For Loan Non-fiction D.B.Act.Division D.B.Act.Division 10/05/2012 DBAD/PUB 1100.00 338.4774550954 THI EN-88773 1 1100.00 English Books
    Not For Loan Reference Sarojini Nagar Sarojini Nagar 04/04/2013 BSB/592/01.01.2013/115/18.12.2012/08.01.2013 1100.00 338.4774550954 THI B-489845 1 1100.00 English Books

© Delhi Public Library
Hit Counter
free hit counter